LIBRARY ONLINE CATALOGUE

Toohey's Medicine : (Record no. 20399)

MARC details
000 -LEADER
fixed length control field 00704pam a2200241 a 4500
001 - CONTROL NUMBER
control field 3805392
003 - CONTROL NUMBER IDENTIFIER
control field OSt
005 - DATE AND TIME OF LATEST TRANSACTION
control field 20231120153333.0
008 - FIXED-LENGTH DATA ELEMENTS--GENERAL INFORMATION
fixed length control field 850703s1986 stkaf 001 0 eng c
010 ## - LIBRARY OF CONGRESS CONTROL NUMBER
LC control number 85016680
020 ## - INTERNATIONAL STANDARD BOOK NUMBER
International Standard Book Number 0443047049
040 ## - CATALOGING SOURCE
Original cataloging agency DNLM/DLC
Transcribing agency DLC
Modifying agency DLC
050 10 - LIBRARY OF CONGRESS CALL NUMBER
Classification number RT65
Item number .T66 1995
245 10 - TITLE STATEMENT
Title Toohey's Medicine :
Remainder of title a textbppk for health care professions/
Statement of responsibility, etc. edited by Stephen K. Bloom
250 ## - EDITION STATEMENT
Edition statement 15th ed. /
260 ## - PUBLICATION, DISTRIBUTION, ETC. (IMPRINT)
Place of publication, distribution, etc. Edinburgh ;
-- New York :
Name of publisher, distributor, etc. Churchill Livingstone,
Date of publication, distribution, etc. 1995
300 ## - PHYSICAL DESCRIPTION
Extent ix, 377p.
500 ## - GENERAL NOTE
General note Includes index.
650 #0 - SUBJECT ADDED ENTRY--TOPICAL TERM
Topical term or geographic name as entry element Medicine.
740 0# - ADDED ENTRY--UNCONTROLLED RELATED/ANALYTICAL TITLE
Uncontrolled related/analytical title Medicine for Nurses.
906 ## - LOCAL DATA ELEMENT F, LDF (RLIN)
a 7
b cbc
c orignew
d 1
e ocip
f 19
g y-gencatlg
942 ## - ADDED ENTRY ELEMENTS (KOHA)
Source of classification or shelving scheme Library of Congress Classification
Koha item type General Collection
Holdings
Withdrawn status Lost status Source of classification or shelving scheme Not for loan Home library Current library Date acquired Cost, normal purchase price Total Checkouts Full call number Barcode Date last seen Price effective from Koha item type
    Library of Congress Classification   Kabarak, Main Campus Kabarak, Main Campus 20/11/2023 7996.00   RT65 .T66 1995 c.1 34468 20/11/2023 20/11/2023 General Collection